000 00977nam a2200265 i 4500
001 157463
003 ES-MaACL
005 20250718081353.0
008 991104s1865 fr a |||| | fre d
040 _aEUS
_bspa
_cEUS
100 1 _aLegouvé, Ernest.
_971292
245 1 4 _aLes deux reines de France
_b: drame avec choeurs en quatre actes, en vers /
_cpar Ernest Legouvé... ; musique de Charles Gounod.
250 _aDeuxième édition.
260 _aParis :
_bMichel Lévy Frères, Libraires éditeurs...,
_c1865 (
_fJ. Claye..)
300 _a[2] h., 130 p. :
_bil. ;
_c19 cm.
500 _aSolo el texto.
596 _aColofón.
596 _aMarca de ed. en port.
596 _aMarca de imp. en v. de antep.
597 _aSignaturizado.
597 _aAntep.
700 1 _aGounod, Charles,
_d1818-1893
_9240526
852 _aES-MaACL
_jT-197-F-5
_z-- Enc. hol.
_q-- Falto de la cub. original
_z-- Enc. en un vol. facticio
999 _c157463
_d157463